00338pab a2200133 454500008004000000100001800040245006100058260000900119300001300128362000800141650002800149650001100177773001600188180718b2003 xxu||||| |||| 00| 0 eng d aSen, Biswajit aWhy third sector? Case study of a tribal block in Orissa c2003 ap.40-45. aJan aTribes - India - Orissa aTribes aKurukshetra